000
00284nam a22001217a 4500
008
260424b |||||||| |||| 00| 0 eng d
082
_a
001351
100
_a
Shastri, Dharadatta
245
_a
Nala Champu
260
_a
Delhi
_b
Motilal Banarasidass
_c
1976
300
_a
176p
942
_2
ddc
999
_c
1331
_d
1331